000 00623nam a2200193 i 4500
001 138667
003 ES-MaACL
005 20250826022449.0
007 t|
008 070214s1976 sp r ||||1| spa d
100 1 _aSántha, György.
_9103367
245 1 0 _aEnsayos críticos sobre S. José de Calasanz y las Escuelas Pías /
_cJorge Sántha.
260 _aSalamanca :
_b[s. n.],
_c1976 (
_fImp. Calatrava)
300 _a403 p., 7 lám. ;
_c24 cm.
600 0 4 _aJosé de Calasanz,
_cSanto,
_d1557-1648
_9139773
610 2 4 _aEscolapios
_93513
852 _aES-MaACL
_jA-6265
_bR.95092
999 _c138667
_d138667